[Event "PRO Chess League (Central)"]
[Site "chess.com INT"]
[Date "2017.01.11"]
[EventDate "2017.01.11"]
[Round "1"]
[Result "1/2-1/2"]
[White "Lennart Dek"]
[Black "Inna Agrest"]
[WhiteElo "2288"]
[BlackElo "2273"]
[PlyCount "112"]

1. e4 e5 2. Nf3 Nc6 3. Bc4 Nf6 4. d3 Bc5 5. c3 a6 6. Bb3 Ba7
7. h3 d6 8. Nbd2 h6 9. Nf1 Qe7 10. Ng3 g6 11. O-O g5 12. d4 g4
13. Nh4 gxh3 14. Nhf5 Bxf5 15. Nxf5 Qf8 16. g3 O-O-O 17. Bd5
Ne7 18. Nxe7+ Qxe7 19. Qb3 Nxd5 20. Qxd5 Qf6 21. f3 exd4
22. cxd4 Qxd4+ 23. Qxd4 Bxd4+ 24. Kh2 Rde8 25. Rd1 Be5 26. Rb1
Rhg8 27. Rg1 Bd4 28. Rd1 Be5 29. Rg1 h5 30. Kxh3 Rg6 31. Be3
h4 32. g4 Bg3 33. Rgd1 Rf6 34. Rf1 d5 35. Bg5 Rg6 36. Bxh4
Bxh4 37. Kxh4 dxe4 38. f4 e3 39. f5 Rd6 40. Rfe1 Rd4 41. Re2
f6 42. Rbe1 Ree4 43. Rg1 Kd7 44. Rgg2 Kd6 45. Kh5 Ke5 46. g5
Rh4+ 47. Kg6 fxg5 48. Rxg5 Rde4 49. f6+ Ke6 50. f7 Rhf4
51. Rg3 Rf6+ 52. Kg5 Rf5+ 53. Kg6 Rf6+ 54. Kg5 Rf5+ 55. Kg6
Rf6+ 56. Kg5 Rf5+ 1/2-1/2

[Event "PRO Chess League (Central)"]
[Site "chess.com INT"]
[Date "2017.01.18"]
[EventDate "2017.01.11"]
[Round "2"]
[Result "1/2-1/2"]
[White "Bragi Thorfinnsson"]
[Black "Inna Agrest"]
[WhiteElo "2453"]
[BlackElo "2273"]
[PlyCount "84"]

1. d4 Nf6 2. Nc3 d5 3. Bg5 Nbd7 4. e3 e6 5. f4 c5 6. Nf3 Be7
7. Bd3 O-O 8. O-O c4 9. Be2 b5 10. a3 Rb8 11. Qe1 a5 12. a4 b4
13. Nb5 Ne4 14. Bxe7 Qxe7 15. b3 c3 16. Ne5 Rb6 17. Rf3 f6
18. Nd3 f5 19. Rh3 Ndf6 20. Qh4 Bd7 21. Ne5 Be8 22. g4 g6
23. gxf5 exf5 24. Kh1 Qg7 25. Rg1 Nd7 26. Nf3 Rff6 27. Rg2 Nf8
28. Ne5 Rbe6 29. Qe1 Rb6 30. Bd3 Ne6 31. Qh4 Nf8 32. Rf3 Bxb5
33. Bxb5 Nd6 34. Bd3 Ne4 35. Rh3 Rfd6 36. Qe1 Rf6 37. Qf1 Ne6
38. Qe1 Nf8 39. Kg1 Ne6 40. Kh1 Nf8 41. Qg1 Ne6 42. Qe1 Nf8
1/2-1/2

[Event "PRO Chess League (Central)"]
[Site "chess.com INT"]
[Date "2017.01.18"]
[EventDate "2017.01.11"]
[Round "2"]
[Result "1-0"]
[White "Bjorn Thorfinnsson"]
[Black "Inna Agrest"]
[WhiteElo "2404"]
[BlackElo "2273"]
[PlyCount "37"]

1. d4 Nf6 2. Nf3 g6 3. Bg5 Bg7 4. e3 O-O 5. Bd3 d6 6. Nbd2 c5
7. c3 a6 8. a4 b6 9. Qc2 Bb7 10. h4 Nbd7 11. h5 Rc8 12. hxg6
hxg6 13. Rh4 Nh7 14. O-O-O Nxg5 15. Nxg5 e5 16. f4 cxd4
17. Bxg6 fxg6 18. Qxg6 Nf6 19. Rdh1 1-0

[Event "PRO Chess League (Central)"]
[Site "chess.com INT"]
[Date "2017.01.18"]
[EventDate "2017.01.11"]
[Round "2"]
[Result "0-1"]
[White "Inna Agrest"]
[Black "Johann Hjartarson"]
[WhiteElo "2273"]
[BlackElo "2540"]
[PlyCount "76"]

1. e4 g6 2. d4 Bg7 3. Nc3 d6 4. Nf3 a6 5. Bf4 b5 6. Qd2 Bb7
7. a3 Nd7 8. Bd3 c5 9. dxc5 Nxc5 10. O-O Nf6 11. Rfe1 O-O
12. Rad1 Rc8 13. h3 e5 14. Bg5 Qc7 15. Nh2 Rfe8 16. Nf1 Nfd7
17. h4 Bc6 18. h5 Qb7 19. Ng3 a5 20. b4 axb4 21. axb4 Ne6
22. Bf1 Nxg5 23. Qxg5 Re6 24. hxg6 hxg6 25. Re3 Nf6 26. Red3
Bf8 27. Nd5 Bxd5 28. exd5 Nh7 29. Qd2 Re7 30. Rc3 Rec7
31. Rxc7 Rxc7 32. Qd3 Qa7 33. Qxb5 Rxc2 34. Ne4 f5 35. Rd2 Rc1
36. Ng3 Nf6 37. Kh2 Ng4+ 38. Kg1 Qh7 0-1

[Event "PRO Chess League (Central)"]
[Site "chess.com INT"]
[Date "2017.01.18"]
[EventDate "2017.01.11"]
[Round "2"]
[Result "1-0"]
[White "Inna Agrest"]
[Black "Ingvar Thor Johannesson"]
[WhiteElo "2273"]
[BlackElo "2377"]
[PlyCount "93"]

1. e4 e6 2. d4 d5 3. Nc3 Bb4 4. a3 Bxc3+ 5. bxc3 dxe4 6. Qg4
Nf6 7. Qxg7 Rg8 8. Qh6 Bd7 9. Ne2 Ba4 10. Qd2 c5 11. Ng3 Nc6
12. Bb2 Qb6 13. O-O-O cxd4 14. cxd4 Rc8 15. Kb1 Na5 16. Rc1
Nc4 17. Bxc4 Rxc4 18. Rhe1 Bc6 19. f3 exf3 20. gxf3 Ra4
21. Re3 Bd5 22. Ne4 Nxe4 23. fxe4 Bc4 24. Rce1 Kd7 25. Qf2 Rf8
26. d5 Ra5 27. dxe6+ Qxe6 28. Qd2+ Kc8 29. Qxa5 Kb8 30. Bd4 b6
31. Qe5+ Kb7 32. Qxe6 Bxe6 33. Rg1 Rc8 34. c3 h5 35. h4 Rc4
36. Rg5 Ra4 37. Kb2 Bg4 38. Re1 Rc4 39. Rf1 Rc7 40. Rg7 Be6
41. Rh7 Bc4 42. Rf6 Rc8 43. Rxh5 Re8 44. Re5 Rg8 45. h5 Rg2+
46. Rf2 Rg4 47. Rh2 1-0

[Event "PRO Chess League (Central)"]
[Site "chess.com INT"]
[Date "2017.01.25"]
[EventDate "2017.01.11"]
[Round "3"]
[Result "1-0"]
[White "Inna Agrest"]
[Black "Ravi Haria"]
[WhiteElo "2273"]
[BlackElo "2382"]
[PlyCount "89"]

1. e4 e6 2. d4 d5 3. Nc3 dxe4 4. Nxe4 Bd7 5. Bd3 Bc6 6. Nf3
Nd7 7. Qe2 Be7 8. Bd2 Ngf6 9. Ng3 O-O 10. O-O-O Bxf3 11. Qxf3
c5 12. dxc5 Ne5 13. Qe2 Nxd3+ 14. cxd3 Bxc5 15. Ne4 Bd4
16. Bc3 Bxc3 17. Nxc3 Nd5 18. Nxd5 Qxd5 19. Kb1 Rfd8 20. Qe4
g6 21. Rhe1 Rac8 22. h4 Rc7 23. f3 Qb5 24. g4 Rcd7 25. d4 Qb4
26. a3 Qa5 27. h5 Qd5 28. hxg6 hxg6 29. Re2 Qxe4+ 30. Rxe4 Rd5
31. Kc2 Kf8 32. f4 Ke7 33. Kc3 Kd6 34. Rh1 Ke7 35. Rd1 Rh8
36. Rd3 Kd6 37. Kb3 Rh4 38. Rg3 f5 39. gxf5 gxf5 40. Ree3 Rxf4
41. Rg6 Re4 42. Rxe4 fxe4 43. Kc3 Rf5 44. Rg4 Kd5 45. Rg7 1-0

[Event "PRO Chess League (Central)"]
[Site "chess.com INT"]
[Date "2017.01.25"]
[EventDate "2017.01.11"]
[Round "3"]
[Result "0-1"]
[White "Inna Agrest"]
[Black "James R Adair"]
[WhiteElo "2273"]
[BlackElo "2480"]
[PlyCount "56"]

1. e4 c5 2. Nf3 d6 3. d4 cxd4 4. Nxd4 Nf6 5. Nc3 a6 6. Bg5
Nbd7 7. f4 Qc7 8. Qf3 b5 9. O-O-O Bb7 10. Bd3 g6 11. Rhe1 Bg7
12. Qe2 O-O 13. e5 b4 14. exf6 exf6 15. Ne6 fxe6 16. Qxe6+ Kh8
17. Bxg6 fxg5 18. Qh3 h6 19. Ne4 d5 20. fxg5 dxe4 21. Rxd7
Qf4+ 22. Kd1 Qxg5 23. Bxe4 Bxe4 24. Rxe4 Rf1+ 25. Ke2 Raf8
26. Rde7 R1f2+ 27. Kd3 Qd5+ 28. Ke3 Qd2# 0-1

[Event "PRO Chess League (Central)"]
[Site "chess.com INT"]
[Date "2017.01.25"]
[EventDate "2017.01.11"]
[Round "3"]
[Result "1/2-1/2"]
[White "Daniel Howard Fernandez"]
[Black "Inna Agrest"]
[WhiteElo "2473"]
[BlackElo "2273"]
[PlyCount "96"]

1. Nf3 Nf6 2. d4 g6 3. b4 Bg7 4. Bb2 O-O 5. Nbd2 d6 6. e3 Nbd7
7. b5 Re8 8. Be2 e5 9. O-O e4 10. Ne1 d5 11. c4 c6 12. Nc2 Nf8
13. bxc6 bxc6 14. Nb4 Bd7 15. Na6 Qb6 16. cxd5 Qxb2 17. Nc4
Qb5 18. Nc7 Qb7 19. d6 Nd5 20. Rb1 Qc8 21. Nxe8 Qxe8 22. Qb3
Ne6 23. Rfc1 h5 24. Na5 Bf8 25. Bb5 Rb8 26. Nxc6 Bxc6 27. Rxc6
Nf6 28. Qc2 Qd8 29. Bc4 Rxb1+ 30. Qxb1 Bxd6 31. Bxe6 fxe6
32. g3 Qd7 33. Qb5 Kg7 34. a4 h4 35. Ra6 Qe7 36. Qc6 Ne8
37. Kg2 Qf7 38. Qxe4 h3+ 39. Kxh3 Qxf2 40. Rxa7+ Nc7 41. Qxe6
Qf1+ 42. Kh4 Qf8 43. Qd7+ Kh6 44. e4 Qf3 45. Kh3 Qf1+ 46. Kh4
Qf3 47. Kh3 Qf1+ 48. Kh4 Qf3 1/2-1/2

[Event "PRO Chess League (Central)"]
[Site "chess.com INT"]
[Date "2017.01.25"]
[EventDate "2017.01.11"]
[Round "3"]
[Result "1-0"]
[White "Yang-Fan Zhou"]
[Black "Inna Agrest"]
[WhiteElo "2462"]
[BlackElo "2273"]
[PlyCount "69"]

1. e4 e5 2. Nf3 Nc6 3. Bc4 Nf6 4. d3 Bc5 5. c3 a6 6. Nbd2 Ba7
7. Qe2 O-O 8. h3 d5 9. Bb3 Re8 10. Nf1 Qd6 11. Ng3 Bd7 12. Bg5
dxe4 13. dxe4 Rad8 14. Rd1 Qe7 15. Nh5 Na5 16. Nh4 Nxb3
17. Bxf6 Nd4 18. Rxd4 exd4 19. Bxe7 Rxe7 20. O-O c5 21. Qf3
Bb8 22. Nf5 Bxf5 23. exf5 f6 24. cxd4 cxd4 25. Nf4 Be5 26. Ne6
Rc8 27. Qd5 Kh8 28. g3 h6 29. Nxd4 Bxd4 30. Qxd4 Kh7 31. Qd2
Rce8 32. Qd5 b6 33. Qc6 Rb8 34. Rd1 a5 35. Rd7 1-0

[Event "PRO Chess League (Central)"]
[Site "chess.com INT"]
[Date "2017.02.01"]
[EventDate "2017.01.11"]
[Round "4"]
[Result "0-1"]
[White "Inna Agrest"]
[Black "Oladapo Oluto Adu"]
[WhiteElo "2273"]
[BlackElo "2288"]
[PlyCount "120"]

1. e4 d6 2. d4 g6 3. Nc3 Bg7 4. Nf3 Bg4 5. Be2 c6 6. h3 Bxf3
7. Bxf3 Qb6 8. Ne2 Nf6 9. O-O O-O 10. c3 Nbd7 11. Re1 e5
12. Ng3 Rfe8 13. h4 Rad8 14. h5 exd4 15. cxd4 c5 16. Be3 Qa5
17. Bd2 Qb5 18. Bc3 cxd4 19. Bxd4 b6 20. a4 Qa5 21. Bc3 Qg5
22. a5 Qh4 23. axb6 axb6 24. Ra4 Ne5 25. Qe2 Bh6 26. Ra7 Bf4
27. Nf1 Bg5 28. Ng3 d5 29. exd5 Nc6 30. Qa6 Rxe1+ 31. Bxe1
Nxa7 32. Qxa7 Nxd5 33. Ne4 Be7 34. Qb7 Qf4 35. Bd2 Qe5 36. h6
Qxb2 37. Qc6 Nf6 38. Bc3 Qc1+ 39. Kh2 Qxh6+ 40. Kg1 Qc1+
41. Kh2 Nxe4 42. Bxe4 Bd6+ 43. g3 Qh6+ 44. Kg2 Qf8 45. Qxb6
Re8 46. Bd5 Be5 47. Bb4 Qg7 48. Qb7 Rb8 49. Qe7 Bf6 50. Qd6
Rd8 51. Qc6 h5 52. Ba5 Rb8 53. Bc7 Rc8 54. Qd7 Rf8 55. Bc4 h4
56. Qg4 hxg3 57. Bxg3 Re8 58. Qd7 Rd8 59. Qc7 Qf8 60. Bb3 Qe8
0-1

[Event "PRO League Group Stage"]
[Site "chess.com INT"]
[Date "2017.02.11"]
[EventDate "2017.01.11"]
[Round "5"]
[Result "0-1"]
[White "Inna Agrest"]
[Black "Gadir Guseinov"]
[WhiteElo "2273"]
[BlackElo "2643"]
[PlyCount "66"]

1. e4 c5 2. Nf3 Nc6 3. d4 cxd4 4. Nxd4 g6 5. Nc3 Bg7 6. Be3
Nf6 7. Bc4 Qa5 8. O-O O-O 9. h3 d6 10. Bb3 Bd7 11. Qe2 Nxe4
12. Nxc6 Bxc6 13. Nxe4 Bxe4 14. Bd2 Qf5 15. Rfe1 Bc6 16. Qxe7
Bxb2 17. Rad1 Be5 18. Qh4 h5 19. Bb4 Rad8 20. Rxe5 Qxe5
21. Re1 Qf5 22. Bc3 Rfe8 23. Rxe8+ Rxe8 24. Qd4 Qe5 25. Qc4 d5
26. Qd3 Qe4 27. Qg3 Kh7 28. Bd2 Qe5 29. Qf3 Qf5 30. Qg3 d4
31. c3 Re2 32. Bf4 d3 33. Be3 d2 0-1

[Event "PRO League Group Stage"]
[Site "chess.com INT"]
[Date "2017.02.15"]
[EventDate "2017.01.11"]
[Round "6"]
[Result "0-1"]
[White "Inna Agrest"]
[Black "Etienne Bacrot"]
[WhiteElo "2273"]
[BlackElo "2695"]
[PlyCount "72"]

1. e4 e5 2. Nf3 Nc6 3. Bb5 a6 4. Ba4 Nf6 5. O-O Be7 6. Re1 b5
7. Bb3 d6 8. c3 O-O 9. h3 Na5 10. Bc2 c5 11. d4 Nd7 12. Nbd2
exd4 13. cxd4 Nc6 14. Nf1 Bf6 15. d5 Nd4 16. Nxd4 Bxd4 17. a4
b4 18. Rb1 Qf6 19. Ne3 Ne5 20. Nf5 Bxf5 21. exf5 Rae8 22. b3
h6 23. Be3 Nd7 24. Qd3 Bxe3 25. Rxe3 Rxe3 26. fxe3 Ra8 27. Rf1
Kf8 28. Rf4 Qa1+ 29. Rf1 Qe5 30. a5 Nf6 31. Rd1 Qg3 32. Qe2
Kg8 33. Bd3 Nxd5 34. Re1 Nc3 35. Qf1 d5 36. Bxa6 Rxa6 0-1

[Event "PRO League Group Stage"]
[Site "chess.com INT"]
[Date "2017.02.15"]
[EventDate "2017.01.11"]
[Round "6"]
[Result "0-1"]
[White "Inna Agrest"]
[Black "Jules Moussard"]
[WhiteElo "2273"]
[BlackElo "2576"]
[PlyCount "80"]

1. e4 c5 2. Nf3 d6 3. d4 cxd4 4. Nxd4 Nf6 5. Nc3 e5 6. Nb3 Be6
7. f3 Be7 8. Be3 O-O 9. Qd2 a5 10. a4 Nc6 11. Nd5 Bxd5
12. exd5 Nb4 13. c4 Nd7 14. Be2 h6 15. O-O Bg5 16. Rad1 Bxe3+
17. Qxe3 Qb6 18. Qxb6 Nxb6 19. f4 exf4 20. Rxf4 Rfe8 21. Kf2
Nxa4 22. Nd4 Nxb2 23. Rd2 Rxe2+ 24. Kxe2 Nxc4 25. Rd1 Re8+
26. Kf2 Nb2 27. Ra1 N2d3+ 28. Kf3 Nxf4 29. Kxf4 Nxd5+ 30. Kf3
b6 31. Nb5 Re3+ 32. Kf2 Rb3 33. Nxd6 Nc3 34. Re1 a4 35. Re8+
Kh7 36. Nxf7 a3 37. Rh8+ Kg6 38. Ne5+ Kf6 39. Nc4 a2 40. Ra8
Rb1 0-1

[Event "PRO League Group Stage"]
[Site "chess.com INT"]
[Date "2017.02.15"]
[EventDate "2017.01.11"]
[Round "6"]
[Result "1-0"]
[White "Yannick Gozzoli"]
[Black "Inna Agrest"]
[WhiteElo "2583"]
[BlackElo "2273"]
[PlyCount "69"]

1. d4 Nf6 2. c4 g6 3. Nc3 Bg7 4. e4 d6 5. Nf3 O-O 6. Be2 Nbd7
7. O-O e5 8. Be3 exd4 9. Nxd4 Re8 10. Qc2 Nc5 11. f3 c6
12. Rad1 Qe7 13. Rfe1 Nfd7 14. Bf1 Ne5 15. Qd2 a6 16. b4 Ne6
17. Nb3 b5 18. Na5 Bd7 19. a3 Qh4 20. Rc1 bxc4 21. Nxc4 Nxc4
22. Bxc4 d5 23. g3 Qf6 24. exd5 Nd4 25. Be2 Nxf3+ 26. Bxf3
Qxf3 27. Bd4 Bxd4+ 28. Qxd4 Bh3 29. Qd2 cxd5 30. Qxd5 Rxe1+
31. Rxe1 Qxc3 32. Qxa8+ Kg7 33. Qe4 Qxa3 34. Qd4+ f6 35. Re7+
1-0

[Event "PRO League Group Stage"]
[Site "chess.com INT"]
[Date "2017.02.22"]
[EventDate "2017.01.11"]
[Round "7"]
[Result "1-0"]
[White "Robert Fontaine"]
[Black "Inna Agrest"]
[WhiteElo "2549"]
[BlackElo "2273"]
[PlyCount "115"]

1. d4 Nf6 2. Bf4 g6 3. e3 Bg7 4. c3 d6 5. Nd2 O-O 6. Ngf3 Nfd7
7. Bc4 e5 8. Bg3 Nc6 9. O-O Ne7 10. e4 c6 11. a4 d5 12. Bb3
exd4 13. cxd4 dxe4 14. Nxe4 Nf5 15. Nd6 Nxd6 16. Bxd6 Re8
17. Re1 Nf8 18. Rxe8 Qxe8 19. Bxf8 Qxf8 20. Ng5 Qe7 21. Qe1
Be6 22. Qe3 Re8 23. Bxe6 fxe6 24. Nf3 Rd8 25. h4 Rd5 26. Re1
Qd6 27. Qxe6+ Qxe6 28. Rxe6 Bxd4 29. Re7 Bxb2 30. Rxb7 Bd4
31. g3 Bb6 32. Ng5 Rd2 33. Ne4 Ra2 34. Nf6+ Kf8 35. Nd7+ Kg8
36. Nxb6 axb6 37. Rxb6 Rxa4 38. Rxc6 Kg7 39. Kg2 Rb4 40. Rc7+
Kh6 41. Kh3 Rb3 42. Rf7 Ra3 43. f3 g5 44. Rf6+ Kg7 45. hxg5
Ra4 46. f4 Ra1 47. Kg4 Ra5 48. Rb6 Rc5 49. Kh5 Ra5 50. Rb7+
Kg8 51. g4 Ra1 52. g6 hxg6+ 53. Kxg6 Ra6+ 54. Kh5 Kf8 55. f5
Ra1 56. Kg6 Ra6+ 57. f6 Ke8 58. g5 1-0